| 000 | 01058nam a2200217Ia 4500 | ||
|---|---|---|---|
| 003 | Ost | ||
| 005 | 20260416102400.0 | ||
| 008 | 260416s9999||||xx |||||||||||||| ||und|| | ||
| 040 | _cfsecg | ||
| 041 | _aara | ||
| 082 | _a310 | ||
| 100 |
_aهمال، فريدة _eمؤلف |
||
| 245 | 0 |
_aالاحصاء3 : _bمطبوعة موجهة لطلبة السنة ثانية ليسانس كل التخصصات :دروس وتمارين تطبيقية / _c فريدة همال |
|
| 260 |
_aالجزائر _bجامعة الجزائر3: كلية العلوم الإقتصادية، العلوم التجارية وعلوم التسيير _c2022 |
||
| 300 |
_a99 ورقة _bايضاحات _c12 سم |
||
| 504 | _aالمراجع ص.98 | ||
| 520 | _aتوزيع المعاينة،نظرية التقدير ومجال الثقة،اختبار الفرضيات. | ||
| 653 | _aالاحصاء | ||
| 710 |
_aجامعة الجزائر3: كلية العلوم الإقتصادية، العلوم التجارية وعلوم التسيير _eناشر علمي |
||
| 942 | _cHANDOUT | ||
| 999 |
_c41385 _d41385 |
||